[Event "POL-chT3"]
[Site "Jastrzebia Gora POL"]
[Date "2016.09.05"]
[Round "3.49"]
[White "Brzezinski, Mateusz"]
[Black "Stanach, Fabian"]
[Result "1-0"]
[WhiteElo "2144"]
[BlackElo "2062"]
[EventDate "2016.09.02"]

1.e4 c5 2.d4 cxd4 3.c3 g6 4.cxd4 d5 5.exd5 Nf6 6.Nc3 Bg7 7.Qb3 Nbd7 8.Nf3 
O-O 9.Bf4 Nb6 10.Be5 Nfxd5 11.Bxg7 Kxg7 12.Nxd5 Be6 13.Be2 Qxd5 14.Qxd5 
Bxd5 15.O-O Rfd8 16.Rfc1 Rac8 17.b3 Rxc1+ 18.Rxc1 f6 19.h3 Bc6 20.Rc5 Nd7 
21.Ra5 Nf8 22.Rxa7 Ne6 23.b4 Nxd4 24.Nxd4 Rxd4 25.b5 Bd5 26.a4 Rd2 27.Bf3 
Bxf3 28.gxf3 Rd1+ 29.Kg2 Ra1 30.Rxb7 Rxa4 31.Rxe7+ Kh6 32.Re4 Ra7 33.b6 
Rb7 34.Rb4 Kg5 35.f4+ Kf5 36.Kf3 Ke6 37.Ke4 Kd6 38.Kd4 Kc6 39.Kc4 Re7 40.
Rb3 Kb7 41.Re3 Rd7 42.Kc5 f5 43.Ra3 Rd2 44.Ra7+ Kb8 45.Rxh7 Rxf2 46.Kc6 
Rc2+ 47.Kd6 Re2 48.Rg7 Re4 49.Rxg6 Kb7 50.Re6 Rxf4 51.Re3 Re4 52.Rf3 Rh4 
53.Rb3 Re4 54.Kd5 Re1 55.Rb4 Rh1 56.h4 Re1 57.Rf4 Kxb6 58.h5 Rh1 59.Rxf5 
Kc7 60.Ke6 Kd8 61.Kf7 Kd7 62.Rd5+ Kc6 63.Rg5 Kd6 64.Kg7 Ra1 65.h6 Ke6 66.
h7 Ra7+ 67.Kg6 Ra8 68.Rh5 1-0

[Event "POL-chT3"]
[Site "Jastrzebia Gora POL"]
[Date "2016.09.05"]
[Round "3.50"]
[White "Kudas, Damian"]
[Black "Kujawski, Adam"]
[Result "1-0"]
[WhiteElo "2135"]
[BlackElo "2296"]
[EventDate "2016.09.02"]

1.d4 Nf6 2.c4 c5 3.d5 e6 4.Nc3 exd5 5.cxd5 d6 6.e4 g6 7.Bd3 Bg7 8.h3 O-O 
9.Nf3 Nfd7 10.Bf4 f5 11.exf5 Nb6 12.O-O Bxf5 13.Bg5 Qc7 14.Re1 Bxd3 15.Re7
Qc8 16.Qxd3 Na6 17.Nb5 Nb4 18.Qe2 Qf5 19.Nxd6 Qxd5 20.Rd1 Qxa2 21.Rxg7+ 
Kxg7 22.Qe7+ Kg8 23.Bh6 Qxb2 24.Qe6+ Kh8 25.Nf7+ Rxf7 26.Qxf7 Nd3 27.Rxd3 
Qa1+ 28.Kh2 c4 29.Rd4 1-0

[Event "POL-chT3"]
[Site "Jastrzebia Gora POL"]
[Date "2016.09.05"]
[Round "3.51"]
[White "Gralka, Przemyslaw"]
[Black "Adamowicz, Katarzyna"]
[Result "1-0"]
[WhiteElo "2283"]
[BlackElo "2173"]
[EventDate "2016.09.02"]

1.d4 d6 2.Nf3 Nd7 3.Bf4 Ngf6 4.h3 c6 5.Nbd2 Qa5 6.c3 g6 7.e3 Bg7 8.Bd3 O-O
9.O-O b5 10.a4 b4 11.Nc4 Qh5 12.Be2 Qf5 13.cxb4 Nd5 14.Bg5 h6 15.e4 Qe6 
16.exd5 cxd5 17.Ne3 hxg5 18.Bb5 Nb6 19.Nxg5 Qf6 20.Nf3 Be6 21.b3 Rac8 22.
a5 Nd7 23.Re1 Nb8 24.Rc1 Rxc1 25.Qxc1 Rc8 26.Nxd5 Bxd5 27.Qxc8+ Kh7 28.
Qxb8 Bxf3 29.gxf3 Qg5+ 30.Kf1 Bxd4 31.Re4 Bf6 32.Qe8 Kg7 33.Qc6 1-0

[Event "POL-chT3"]
[Site "Jastrzebia Gora POL"]
[Date "2016.09.05"]
[Round "3.52"]
[White "Lach, Piotr"]
[Black "Mazalon, Mariusz"]
[Result "1-0"]
[WhiteElo "2135"]
[BlackElo "2063"]
[EventDate "2016.09.02"]

1.g3 g6 2.Bg2 Bg7 3.e4 c5 4.Ne2 Nc6 5.O-O d6 6.d3 e5 7.Nbc3 Nge7 8.Be3 O-O
9.f4 f6 10.Qd2 Be6 11.fxe5 Nxe5 12.Nf4 Bd7 13.h3 b5 14.Ncd5 a5 15.Rf2 Ra7 
16.Raf1 N7c6 17.Ne2 Bc8 18.b3 Raf7 19.d4 cxd4 20.Nxd4 Nxd4 21.Bxd4 Rb7 22.
Qe3 Be6 23.Bb6 Qd7 24.Nxf6+ Bxf6 25.Rxf6 Rxf6 26.Rxf6 Bxh3 27.Qh6 Nf7 28.
Qxh3 Qxh3 29.Bxh3 Ng5 30.Be3 Nxe4 31.Bg2 Re7 32.Bxe4 Rxe4 33.Bh6 1-0

[Event "POL-chT3"]
[Site "Jastrzebia Gora POL"]
[Date "2016.09.05"]
[Round "3.53"]
[White "Skowronski, Piotr"]
[Black "Watorek, Marcin"]
[Result "1-0"]
[WhiteElo "2042"]
[BlackElo "2111"]
[EventDate "2016.09.02"]

1.c4 Nf6 2.Nc3 e6 3.g3 d5 4.cxd5 exd5 5.d4 c6 6.Bg2 Bd6 7.Nf3 O-O 8.O-O 
Re8 9.Bg5 h6 10.Bxf6 Qxf6 11.a3 a5 12.Qd2 Bf5 13.Rfe1 Be4 14.h3 Nd7 15.Nh2
Bxg2 16.Kxg2 Qg6 17.Rad1 Nf6 18.Qd3 Ne4 19.Nxe4 dxe4 20.Qc2 f5 21.e3 h5 
22.Qc4+ Kh7 23.h4 a4 24.Nf1 Qf6 25.Qe2 Kh6 26.Nd2 b5 27.Rc1 Rac8 28.Rc2 g5
29.hxg5+ Qxg5 30.Rh1 Rg8 31.Kf1 Kg6 32.Ke1 Qg4 33.Qxg4+ hxg4 34.Ke2 Rg7 
35.Rhc1 Rgc7 36.Nb1 Kf6 37.Kd1 Ke6 38.Nc3 Rb8 39.Na2 Rbc8 40.Nb4 Bxb4 41.
axb4 Kd6 42.Rc5 Rf8 43.Kd2 Rff7 44.R1c3 Rf8 45.Rc1 Rff7 46.Rh1 Rf6 47.Kc3 
Ra7 48.Ra1 Rh7 49.b3 Rh2 50.bxa4 bxa4 51.Rf1 a3 52.Kb3 a2 53.Ra5 Rf7 54.
Rxa2 Rb7 55.Ra8 Rg2 56.Rf8 Rb5 57.Rf6+ Kd7 58.Rh6 Kc7 59.Kc4 Kb6 60.Rh7 
Rd5 61.Ra1 Rd8 62.Rha7 Rxd4+ 63.exd4 1-0

[Event "POL-chT3"]
[Site "Jastrzebia Gora POL"]
[Date "2016.09.05"]
[Round "3.54"]
[White "Chrzaszcz, Malvina"]
[Black "Mackiewicz, Anna"]
[Result "1-0"]
[WhiteElo "2050"]
[BlackElo "1943"]
[EventDate "2016.09.02"]

1.e4 c5 2.Nf3 Nc6 3.d4 cxd4 4.Nxd4 Nf6 5.Nc3 e5 6.Ndb5 d6 7.Bg5 a6 8.Na3 
b5 9.Nd5 Be7 10.Bxf6 Bxf6 11.c4 b4 12.Nc2 a5 13.Be2 Bg5 14.O-O O-O 15.Qd3 
Bb7 16.a3 bxa3 17.Rxa3 Nb8 18.b4 Nd7 19.Rxa5 Rxa5 20.bxa5 Qxa5 21.Ra1 Qd8 
22.Ncb4 Nc5 23.Qb1 g6 24.Ra3 Qb8 25.Qc2 Bxd5 26.Nxd5 Qb7 27.Ra5 Ra8 28.
Rxa8+ Qxa8 29.Qb1 Kg7 30.g3 Qa3 31.h4 Bc1 32.Nc7 Qc3 33.Ne8+ Kh6 34.g4 
Qe1+ 35.Kg2 Qxe2 36.Kg1 Qe1+ 1-0

[Event "POL-chT3"]
[Site "Jastrzebia Gora POL"]
[Date "2016.09.05"]
[Round "3.55"]
[White "Walter, Szymon"]
[Black "Pulik, Krzysztof"]
[Result "0-1"]
[WhiteElo "2261"]
[BlackElo "2171"]
[EventDate "2016.09.02"]

1.e4 e6 2.d4 d5 3.Nc3 Bb4 4.e5 c5 5.Bd2 Nh6 6.Nb5 Bxd2+ 7.Qxd2 O-O 8.f4 a6
9.Nd6 cxd4 10.Nf3 f6 11.Bd3 Nc6 12.Qe2 Ng4 13.Nxc8 fxe5 14.Ng5 Rxf4 15.
Nxe6 Qa5+ 16.Qd2 Qxd2+ 17.Kxd2 Rf2+ 18.Ke1 Rxc8 19.h3 e4 20.Be2 Rxe2+ 21.
Kxe2 Nf6 22.Rad1 Kf7 23.Nxd4 Nxd4+ 24.Rxd4 Rxc2+ 25.Rd2 Rc6 26.g4 Ke6 27.
Rhd1 h6 28.Ke3 Ke5 29.Rf2 g6 30.Rfd2 Rc4 31.Rd4 Rc2 32.R1d2 Rxd2 33.Rxd2 
d4+ 34.Ke2 d3+ 35.Kf1 Nd5 36.Rf2 Nf4 37.h4 e3 0-1

[Event "POL-chT3"]
[Site "Jastrzebia Gora POL"]
[Date "2016.09.05"]
[Round "3.56"]
[White "Lewtak, Dominik"]
[Black "Dzierzak, Radoslaw"]
[Result "0-1"]
[WhiteElo "2095"]
[BlackElo "2204"]
[EventDate "2016.09.02"]

1.e4 c5 2.Nf3 Nc6 3.d4 cxd4 4.Nxd4 e6 5.Nc3 Qc7 6.Be3 a6 7.Qd2 Nf6 8.f3 
Bb4 9.O-O-O Ne5 10.Nb3 b5 11.Qe1 Rb8 12.Qg3 O-O 13.Bd4 Bd6 14.f4 Nh5 15.
fxe5 Nxg3 16.exd6 Qxd6 17.hxg3 Qxg3 18.Bc5 Re8 19.Bd6 Qg5+ 20.Kb1 Rb6 21.
e5 Rxd6 22.exd6 Bb7 23.Bd3 h6 24.Ne4 Bxe4 25.Bxe4 Qe3 26.Rhe1 Qb6 27.g4 
Rc8 28.Re2 Rc4 29.c3 a5 30.Kc2 b4 31.Nd2 Rc5 32.Nb3 Rc8 33.Rd3 a4 34.Nd2 
bxc3 35.bxc3 Rb8 36.Kd1 Qg1+ 37.Kc2 Qa1 38.Rd4 Qxa2+ 39.Kd3 Qa1 40.Nf3 a3 
41.Re1 Qb2 42.Re2 Qb1+ 43.Ke3 a2 44.Bxb1 axb1=Q 45.Ne5 Qc1+ 46.Kd3 Rc8 47.
c4 Ra8 48.Nxd7 Ra3+ 49.Ke4 Qg5 50.Rdd2 Qxg4+ 51.Ke5 Qxc4 52.Re4 Qb5+ 53.
Kd4 0-1

[Event "POL-chT3"]
[Site "Jastrzebia Gora POL"]
[Date "2016.09.05"]
[Round "3.57"]
[White "Kastelik, Adrian"]
[Black "Wozniak, Maciej"]
[Result "1-0"]
[WhiteElo "2114"]
[BlackElo "2075"]
[EventDate "2016.09.02"]

1.e4 e5 2.Nf3 Nc6 3.Bc4 Nf6 4.d4 exd4 5.O-O Nxe4 6.Re1 d5 7.Bxd5 Qxd5 8.
Nc3 Qh5 9.Nxe4 Be6 10.Bg5 Bd6 11.Nxd6+ cxd6 12.Bf4 Qd5 13.c3 O-O-O 14.Nxd4
Nxd4 15.Qxd4 Qxd4 16.cxd4 Bd5 17.Re3 Kd7 18.Rg3 g6 19.Ra3 a6 20.Ra5 Bc4 
21.Ra4 Bd5 22.Rb4 Rhe8 23.a4 Rc8 24.Rb6 Re6 25.b4 Rc2 26.a5 Rb2 27.h4 Bc6 
28.Rd1 d5 29.g3 Ree2 30.Be3 Rb3 31.Rc1 Reb2 32.Rcxc6 bxc6 33.Rxa6 Rxb4 34.
Ra7+ Rb7 35.Ra8 Rb8 36.Ra7+ R2b7 37.Ra6 Rb1+ 38.Kg2 Ra1 39.Ra7+ Ke6 40.Kf3
Rb3 41.Kg4 Rb4 42.Kg5 h5 43.Rc7 Rc4 44.Ra7 Rca4 45.Rc7 Rxa5 46.Rxc6+ Kd7 
47.Rb6 Ra6 48.Rb7+ Ke6 49.Rb8 Ra7 50.Bd2 R1a6 51.Bb4 Ra8 52.Rb7 Re8 53.f3 
f6+ 54.Kf4 Raa8 55.Bc5 Rab8 56.Rg7 g5+ 57.hxg5 fxg5+ 58.Rxg5 Rh8 59.Re5+ 
Kf6 60.Rf5+ Ke6 61.Re5+ Kf6 62.Rxd5 h4 63.Rf5+ Kg6 64.Rg5+ Kf6 65.Bd6 h3 
66.Bxb8 h2 67.Be5+ Kf7 68.Bxh8 h1=Q 69.Be5 Qh6 70.Kg4 Qe6+ 71.Kh4 Qh6+ 72.
Rh5 Qe3 73.f4 Qe4 74.g4 Qe1+ 75.Kg5 Qe4 76.Rh6 Ke7 77.f5 Qe3+ 78.Kg6 Qe4 
79.Rh7+ Ke8 80.g5 Qc6+ 81.f6 Qe4+ 82.Kg7 Qf5 83.g6 Kd7 84.f7 Ke7 85.Bd6+ 
Ke6 86.f8=Q 1-0

[Event "POL-chT3"]
[Site "Jastrzebia Gora POL"]
[Date "2016.09.05"]
[Round "3.58"]
[White "Bielawski, Michal"]
[Black "Mucha, Piotr"]
[Result "0-1"]
[WhiteElo "2021"]
[BlackElo "2161"]
[EventDate "2016.09.02"]

1.d4 d5 2.c4 c6 3.Nc3 Nf6 4.Nf3 dxc4 5.a4 Bf5 6.e3 e6 7.Bxc4 Bb4 8.O-O 
Nbd7 9.Qe2 Bg6 10.Rd1 O-O 11.Bd3 Bh5 12.e4 e5 13.d5 cxd5 14.Nxd5 Nxd5 15.
Bb5 N5f6 16.Bxd7 Nxd7 17.Qb5 Qf6 18.Rxd7 Bxf3 19.Qxb4 Qg6 20.g3 Qg4 21.Rd3
Rad8 22.Rxf3 Qxf3 23.Be3 Rd7 24.Qc3 Rfd8 25.Bd4 Qxe4 0-1

[Event "POL-chT3"]
[Site "Jastrzebia Gora POL"]
[Date "2016.09.05"]
[Round "3.60"]
[White "Krzyzanowska-zadlo, Lidia"]
[Black "Binkowska, Agata"]
[Result "1-0"]
[WhiteElo "1848"]
[BlackElo "1776"]
[EventDate "2016.09.02"]

1.e4 e6 2.d4 d5 3.Nd2 Nf6 4.e5 Nfd7 5.Bd3 c5 6.c3 Nc6 7.Ne2 cxd4 8.cxd4 f6
9.exf6 Nxf6 10.O-O Bd6 11.Nf3 Qc7 12.Bg5 O-O 13.Bh4 Nh5 14.Bg3 Nxg3 15.
hxg3 g6 16.a3 Qg7 17.Qd2 Bd7 18.Bc2 Ne7 19.b4 Nf5 20.Rfe1 Rae8 21.Bb3 Bb5 
22.Nf4 Bxf4 23.gxf4 Kh8 24.Rac1 Nd6 25.Ng5 Qd7 26.Qe3 Nf5 27.Qe5+ Qg7 28.
Rc7 Qxe5 29.Rxh7+ Kg8 30.Rxe5 Nxd4 31.Rxb7 Bd3 32.Ba4 Rb8 33.Re7 Ne2+ 34.
Kh2 Nxf4 35.Nxe6 Nxe6 36.R5xe6 Rxf2 37.Be8 Be4 38.Kg1 Rxg2+ 39.Kf1 Rg5 40.
Rxa7 Rf5+ 41.Ke1 Rg5 42.b5 Rc8 43.Bc6 Bd3 44.b6 Rb8 45.b7 1-0

[Event "POL-chT3"]
[Site "Jastrzebia Gora POL"]
[Date "2016.09.05"]
[Round "3.61"]
[White "Helis, Tadeusz"]
[Black "Banasik, Krzysztof"]
[Result "1/2-1/2"]
[WhiteElo "2241"]
[BlackElo "2253"]
[EventDate "2016.09.02"]

1.c4 Nf6 2.Nc3 d5 3.cxd5 Nxd5 4.Nf3 g6 5.Qa4+ c6 6.Qd4 Nf6 7.Qxd8+ Kxd8 8.
g3 Bg7 9.Bg2 Nbd7 10.d3 h6 11.O-O Ke8 12.Nd2 Nb6 13.Nb3 Kf8 14.Bd2 Kg8 15.
a4 Nbd5 16.Rfc1 Kh7 17.a5 Nc7 18.Rc2 Na6 19.Na4 Ne8 20.Bc3 Nec7 21.Bxg7 
Kxg7 22.Nac5 Rb8 23.Nxa6 Nxa6 24.Nc5 Nxc5 25.Rxc5 Bd7 26.Rac1 b6 27.axb6 
Rxb6 28.Ra5 a6 29.e3 Rhb8 30.b4 Rxb4 31.Rxa6 Rb1 32.Ra1 Rxc1+ 33.Rxc1 Rb6 
34.h4 e5 1/2-1/2

[Event "POL-chT3"]
[Site "Jastrzebia Gora POL"]
[Date "2016.09.05"]
[Round "3.62"]
[White "Tustanowski, Robert"]
[Black "Walkusz, Witoslaw"]
[Result "1-0"]
[WhiteElo "2211"]
[BlackElo "2140"]
[EventDate "2016.09.02"]

1.e4 e5 2.Nf3 Nc6 3.Bc4 Nf6 4.d3 Bc5 5.O-O a6 6.Nc3 d6 7.a3 h6 8.h3 Be6 9.
Be3 Ba7 10.Bxe6 fxe6 11.Bxa7 Rxa7 12.d4 exd4 13.Nxd4 e5 14.Nxc6 bxc6 15.
Qe2 g5 16.g3 Qd7 17.Kh2 g4 18.hxg4 Qxg4 19.Qxg4 Nxg4+ 20.Kg2 Ra8 21.Rh1 
Kf7 22.Nd1 Nf6 23.f3 d5 24.Nf2 Rab8 25.b3 Kg6 26.Rae1 dxe4 27.Nxe4 Rbd8 
28.Rh4 Nxe4 29.Rhxe4 Rd2+ 30.R1e2 Rxe2+ 31.Rxe2 Kf5 32.Re4 Rd8 33.Rc4 Rd2+
34.Kf1 h5 35.Rxc6 h4 36.gxh4 Kf4 37.Rc3 a5 38.a4 Kg3 39.Ke1 Rh2 40.Re3 
Rxc2 41.Rxe5 c5 42.h5 c4 43.bxc4 Rxc4 44.Rxa5 Kxf3 45.Kd2 Rc6 46.Kd3 Kf4 
47.Kd4 Re6 48.Ra8 Re4+ 49.Kd5 Re5+ 50.Kd6 Rxh5 51.a5 Ke4 52.a6 Kd4 53.Kc6 
Kc4 54.Rc8 Rh7 55.a7 1-0

[Event "POL-chT3"]
[Site "Jastrzebia Gora POL"]
[Date "2016.09.05"]
[Round "3.63"]
[White "Rawski, Slawomir"]
[Black "Siekaniec, Jan"]
[Result "0-1"]
[WhiteElo "2175"]
[BlackElo "2076"]
[EventDate "2016.09.02"]

1.d4 Nf6 2.Nf3 g6 3.c4 Bg7 4.Nc3 O-O 5.e4 d6 6.Be2 e5 7.dxe5 dxe5 8.Qxd8 
Rxd8 9.Nd5 Nxd5 10.cxd5 c6 11.Bc4 cxd5 12.Bxd5 Nc6 13.Ke2 Nb4 14.Bg5 Re8 
15.Bb3 Bd7 16.Rac1 Rac8 17.Nd2 Bf8 18.a3 Bb5+ 19.Bc4 Bxc4+ 20.Rxc4 Nc6 21.
Be3 f5 22.f3 Rcd8 23.Rd1 Kf7 24.b4 a6 25.Bb6 Rd7 26.Nb3 Rxd1 27.Kxd1 fxe4 
28.fxe4 Re6 29.Be3 Rd6+ 30.Ke2 Rd7 31.Nc1 Ke6 32.Nd3 Be7 33.a4 Bd6 34.Bb6 
Rf7 35.b5 axb5 36.axb5 Nb8 37.Be3 Nd7 38.Ra4 Nf6 39.Bg5 Nd7 40.Rc4 Rf8 41.
Be3 Ra8 42.Rc3 Ra4 43.Kf3 Ra5 44.Rb3 Ra4 45.Nb2 Rb4 46.Rxb4 Bxb4 47.Nd3 
Be7 48.Ke2 Nf6 49.Kf3 Nd7 50.h3 Ba3 51.Ke2 Kd6 52.Kd2 Bc5 53.Bh6 Bd4 54.
Kc2 Nf6 55.Bf8+ Ke6 56.Bc5 Nxe4 57.Bxd4 exd4 58.Kb3 Nd6 59.b6 Kd5 60.Kb4 
Ke4 61.Nf2+ Ke3 62.Ng4+ Ke2 63.Kc5 d3 64.Kxd6 d2 65.Kc7 d1=Q 66.Kxb7 Qd5+ 
67.Kb8 h5 0-1

[Event "POL-chT3"]
[Site "Jastrzebia Gora POL"]
[Date "2016.09.05"]
[Round "3.64"]
[White "Wrobel, Maciej"]
[Black "Cichon, Michal"]
[Result "1/2-1/2"]
[WhiteElo "2046"]
[BlackElo "2021"]
[EventDate "2016.09.02"]

1.e4 e5 2.Nf3 d6 3.Bc4 Nc6 4.d4 Be7 5.dxe5 dxe5 6.Qxd8+ Bxd8 7.Bb5 Bd7 8.
O-O f6 9.Nc3 Be7 10.Be3 a6 11.Ba4 Bd6 12.a3 Nge7 13.b4 O-O 14.Bb3+ Kh8 15.
Rad1 Bg4 16.h3 Bxf3 17.gxf3 f5 18.Nd5 fxe4 19.Nxe7 Nxe7 20.fxe4 b5 21.c4 
bxc4 22.Bxc4 a5 23.Bd5 Nxd5 24.Rxd5 axb4 25.axb4 Rf6 26.Bc5 Rb8 27.Rfd1 h6
28.Bxd6 cxd6 29.Rxd6 Rxb4 30.Rxf6 gxf6 1/2-1/2

[Event "POL-chT3"]
[Site "Jastrzebia Gora POL"]
[Date "2016.09.05"]
[Round "3.65"]
[White "Drzazga, Rafal"]
[Black "Tustanowski, Mateusz"]
[Result "1-0"]
[WhiteElo "2068"]
[BlackElo "1921"]
[EventDate "2016.09.02"]

1.e4 e5 2.Bc4 Nf6 3.d3 c6 4.Nf3 d5 5.Bb3 Bd6 6.Bg5 dxe4 7.dxe4 h6 8.Bh4 g5
9.Bg3 Nxe4 10.Bxe5 Qe7 11.Bxd6 Nxd6+ 12.Qe2 Qxe2+ 13.Kxe2 O-O 14.Rd1 Ne4 
15.Nbd2 Nc5 16.Nc4 b6 17.Nd6 Nxb3 18.axb3 Bg4 19.Rd4 Bxf3+ 20.Kxf3 c5 21.
Rd5 Rd8 22.Rad1 Nc6 23.c3 Kh7 24.g4 Rd7 25.Nf5 Nd4+ 26.R1xd4 1-0

[Event "POL-chT3"]
[Site "Jastrzebia Gora POL"]
[Date "2016.09.05"]
[Round "3.66"]
[White "Buksa, Ewelina"]
[Black "Mikulewicz, Joanna"]
[Result "0-1"]
[WhiteElo "1684"]
[BlackElo "2075"]
[EventDate "2016.09.02"]

1.e4 d6 2.d4 Nf6 3.Nc3 Nbd7 4.Nf3 e5 5.dxe5 dxe5 6.a3 c6 7.Bc4 Bc5 8.O-O 
O-O 9.Qe2 Qe7 10.Be3 Bd6 11.Nh4 Nb6 12.Ba2 Ng4 13.Nf3 Nxe3 14.Qxe3 h6 15.
Rad1 Bc7 16.Ne2 Kh7 17.Ng3 g6 18.Rfe1 Nd7 19.Rd2 Nc5 20.Red1 Ne6 21.Qc3 
Ng5 22.Bc4 Qf6 23.Be2 Nxf3+ 24.Bxf3 Be6 25.Be2 Rad8 26.Qf3 Qxf3 27.Bxf3 
Rxd2 28.Rxd2 Rd8 29.Rxd8 Bxd8 30.Be2 Bg5 31.a4 a5 32.Bd3 Kg7 33.Kf1 Kf8 
34.Ke2 Ke7 35.Nf1 Bc1 36.b3 Bd7 37.Ne3 Bxe3 38.Kxe3 Kd6 39.f4 f6 40.g3 Kc5
41.Bc4 b5 42.axb5 cxb5 43.Bf7 g5 44.fxg5 fxg5 45.Kd3 Bc6 46.c3 b4 47.cxb4+
Kxb4 48.h4 Bb5+ 49.Kc2 gxh4 50.gxh4 Be2 51.Bd5 Bf3 52.Kd2 Bg4 53.Kc2 Kc5 
54.Kc3 Be2 55.Be6 Kd6 56.Bd5 Bb5 57.Bf7 Bc6 58.Bg6 Bb5 59.Bh7 Kd7 60.Kd2 
Kc7 61.Ke3 Kd6 0-1

[Event "POL-chT3"]
[Site "Jastrzebia Gora POL"]
[Date "2016.09.05"]
[Round "3.68"]
[White "Bus, Konrad"]
[Black "Marszalek, Maciej"]
[Result "1/2-1/2"]
[WhiteElo "2245"]
[BlackElo "2318"]
[EventDate "2016.09.02"]

1.d4 Nf6 2.c4 e6 3.g3 c5 4.d5 exd5 5.cxd5 d6 6.Nc3 g6 7.Bg2 Bg7 8.Nf3 O-O 
9.O-O Re8 10.Bf4 a6 11.a4 Qc7 12.Re1 Nbd7 13.e4 Nh5 14.Bg5 Rb8 15.Rc1 b5 
16.axb5 axb5 17.b4 Qa7 18.bxc5 Nxc5 19.Nd4 Bd7 20.Nc6 Qb6 21.Nxb8 Qxb8 22.
g4 b4 23.gxh5 bxc3 24.Qf3 f5 25.hxg6 hxg6 26.exf5 Bxf5 27.Rxe8+ Qxe8 28.
Bh3 Bxh3 29.Qxh3 Nb3 30.Rf1 Nd4 31.Be3 1/2-1/2

[Event "POL-chT3"]
[Site "Jastrzebia Gora POL"]
[Date "2016.09.05"]
[Round "3.69"]
[White "Kuciel, Wladyslaw"]
[Black "Bednarczyk, Damian"]
[Result "0-1"]
[WhiteElo "1928"]
[BlackElo "2158"]
[EventDate "2016.09.02"]

1.d4 d5 2.c4 e6 3.Nc3 Nf6 4.Nf3 Be7 5.g3 O-O 6.Bg2 dxc4 7.O-O a6 8.Ne5 c5 
9.dxc5 Qc7 10.Nxc4 Bxc5 11.Bg5 Nbd7 12.Rc1 h6 13.Bf4 Qd8 14.Qb3 Ra7 15.
Rfd1 b5 16.Ne5 Qb6 17.Nd3 Bd4 18.e3 Nc5 19.Qc2 Nxd3 20.Rxd3 e5 21.Rxd4 
exd4 22.exd4 Rd7 23.d5 Bb7 24.Rd1 Re8 25.Bh3 Rdd8 26.Bg2 Qc5 27.Qd2 b4 28.
Na4 Qb5 29.b3 Nxd5 30.Bxh6 gxh6 31.Qxh6 Qc6 32.Qh4 Qf6 33.Qg4+ Qg6 34.Qh4 
Bc6 35.Nc5 Rd6 36.Be4 Qg7 37.Bf3 Rh6 38.Qc4 Nb6 39.Qd3 Qc3 0-1

[Event "POL-chT3"]
[Site "Jastrzebia Gora POL"]
[Date "2016.09.05"]
[Round "3.70"]
[White "Slezak, Robert"]
[Black "Popiol, Michal"]
[Result "0-1"]
[WhiteElo "2134"]
[BlackElo "1959"]
[EventDate "2016.09.02"]

1.e4 e6 2.d4 d5 3.Nc3 Nf6 4.Bd3 c5 5.exd5 Nxd5 6.Bb5+ Nc6 7.Nxd5 Qxd5 8.
Nf3 cxd4 9.Bxc6+ bxc6 10.Qxd4 Ba6 11.Be3 Be7 12.Qxd5 cxd5 13.Bd4 f6 14.c3 
Kf7 15.Kd2 Rhd8 16.Kc2 e5 17.Be3 Rac8 18.Bxa7 d4 19.Bb6 Rd6 20.Ba5 Rd5 21.
b4 e4 22.Ne1 Rxc3+ 23.Kb2 Rxa5 24.Nc2 Rxc2+ 25.Kxc2 Bxb4 26.Rab1 Bd3+ 0-1

[Event "POL-chT3"]
[Site "Jastrzebia Gora POL"]
[Date "2016.09.05"]
[Round "3.71"]
[White "Szewczyk, Grzegorz"]
[Black "Mucha, Magdalena"]
[Result "1/2-1/2"]
[WhiteElo "1953"]
[BlackElo "1947"]
[EventDate "2016.09.02"]

1.d4 f5 2.Nf3 Nf6 3.g3 g6 4.Bg2 Bg7 5.O-O O-O 6.c4 d6 7.Nc3 c6 8.Rb1 Ne4 
9.Nxe4 fxe4 10.Ng5 d5 11.h4 Kh8 12.e3 Na6 13.Bd2 Bf5 14.cxd5 cxd5 15.Qa4 
Nc7 16.Rbc1 Ne8 17.Qb5 Rb8 18.Ba5 b6 19.Bd2 Nf6 20.Qc6 Rc8 21.Qb7 h6 22.
Nh3 Qd7 23.Qxd7 Bxd7 24.Nf4 Kh7 25.Bb4 Rfe8 26.Rxc8 Bxc8 27.Rc1 g5 28.hxg5
hxg5 29.Nh3 Kg6 30.Rc7 Rh8 31.Nxg5 Kxg5 32.Bxe7 a6 33.Rc6 b5 34.Rd6 Bb7 
35.Rb6 Bc8 36.Rd6 Kf5 37.Bxf6 Bxf6 38.Rxd5+ Ke6 39.Rc5 Bb7 40.Rc7 Bd5 41.
Ra7 Ra8 42.Rxa8 Bxa8 43.Kf1 Bd5 44.Ke1 Kd6 45.Kd2 Bd8 46.Kc3 Ba5+ 47.b4 
Bc7 48.a3 Bd8 49.Kd2 Be7 50.Bh3 Kc7 51.Kc3 Bg5 1/2-1/2

[Event "POL-chT3"]
[Site "Jastrzebia Gora POL"]
[Date "2016.09.05"]
[Round "3.72"]
[White "Tracz, Marcelina"]
[Black "Wesolowska, Hanna"]
[Result "1-0"]
[WhiteElo "1825"]
[BlackElo "1890"]
[EventDate "2016.09.02"]

1.e4 e5 2.Nf3 Nf6 3.Nxe5 d6 4.Nf3 Nxe4 5.Nc3 Nxc3 6.dxc3 Nc6 7.Be3 Be7 8.
Qd2 a6 9.Be2 Bg4 10.Nd4 Qd7 11.O-O-O Bxe2 12.Qxe2 Nxd4 13.Bxd4 O-O 14.Rd3 
Bg5+ 15.Kb1 Qe6 16.Qf3 b5 17.h4 Bh6 18.g4 f6 19.Qg3 Qe4 20.Rg1 Bf4 21.Qh3 
Rae8 22.Be3 g5 23.Rd4 Qe5 24.Bxf4 gxf4 25.g5 fxg5 26.hxg5 Rf5 27.Rh1 Re7 
28.g6 h5 29.a3 c5 30.Rxd6 Kg7 31.Rxa6 Qd5 32.Qh4 Rg5 33.Qh2 Re2 34.Rc1 1-0

[Event "POL-chT3"]
[Site "Jastrzebia Gora POL"]
[Date "2016.09.05"]
[Round "3.73"]
[White "Lisowski, Krzysztof"]
[Black "Grajczak, Adrian"]
[Result "1-0"]
[WhiteElo "2106"]
[BlackElo "2022"]
[EventDate "2016.09.02"]

1.e4 c5 2.b3 Nc6 3.Bb2 e5 4.Bc4 Nf6 5.d3 Be7 6.Nc3 O-O 7.Nge2 a6 8.a4 d6 
9.O-O Rb8 10.f4 Ng4 11.Qd2 exf4 12.Nxf4 Bf6 13.Rae1 Bd4+ 14.Kh1 Nxh2 15.
Kxh2 Qh4+ 16.Nh3 Be5+ 17.Kg1 Qg3 18.Rf3 Qh2+ 19.Kf1 Nd4 20.Qf2 Nxf3 21.
Qxf3 Kh8 22.Ke2 Bg3 23.Nd5 Be5 24.Bxe5 Qxe5 25.Ne3 b5 26.axb5 axb5 27.Bd5 
Bd7 28.Nf4 Qg5 29.g4 h6 30.Rh1 Qf6 31.Qg3 c4 32.bxc4 b4 33.g5 Qb2 34.gxh6 
g6 35.Qe1 b3 36.Qa1 bxc2 37.Qxb2+ Rxb2 38.Kd2 Ba4 39.Rc1 Rb1 40.Nxc2 Rxc1 
41.Kxc1 Bxc2 42.Kxc2 Kh7 43.Ne2 f5 44.exf5 Rxf5 45.Ng3 Rf8 46.Ne4 Rd8 47.
Ng5+ 1-0

[Event "POL-chT3"]
[Site "Jastrzebia Gora POL"]
[Date "2016.09.05"]
[Round "3.74"]
[White "Brylowski, Marian"]
[Black "Migala, Andrzej"]
[Result "0-1"]
[WhiteElo "2051"]
[BlackElo "2014"]
[EventDate "2016.09.02"]

1.e4 c5 2.Nf3 d6 3.d4 cxd4 4.Nxd4 Nf6 5.Nc3 a6 6.Be2 e5 7.Nb3 Be7 8.Be3 
Be6 9.O-O O-O 10.f4 exf4 11.Rxf4 Nc6 12.Nd4 Ne5 13.Nf5 Rc8 14.Bd4 Re8 15.
Qe1 Bf8 16.Qf2 Nfd7 17.Qg3 g6 18.Rh4 Nc6 19.Be3 Bxf5 20.Bg5 Qb6+ 21.Kh1 
Be6 22.Bg4 Nce5 23.Bxe6 Qxb2 24.Rb1 Qxc3 25.Qxc3 Rxc3 26.Bxd7 Nxd7 27.Rxb7
Nc5 28.Rb4 Bg7 29.a4 Rxc2 30.g3 Re2 31.Rb6 Be5 32.Bh6 Ra2 33.Be3 Rxa4 34.
Rc6 Ne6 35.Kg2 a5 36.Kf3 Ra3 37.Ke2 Rb8 38.Rc2 a4 39.g4 Rab3 0-1

[Event "POL-chT3"]
[Site "Jastrzebia Gora POL"]
[Date "2016.09.05"]
[Round "3.75"]
[White "Daniluk, Jerzy"]
[Black "Brylowski, Stefan"]
[Result "0-1"]
[WhiteElo "2100"]
[BlackElo "1900"]
[EventDate "2016.09.02"]

1.d4 Nf6 2.Nf3 g6 3.g3 Bg7 4.Bg2 d6 5.b3 c5 6.Bb2 O-O 7.c4 d5 8.cxd5 Nxd5 
9.Qd2 Nc6 10.O-O Nb6 11.Rd1 c4 12.Nc3 Bg4 13.d5 Bxf3 14.Bxf3 Nd4 15.Qf4 
cxb3 16.Rxd4 e5 17.dxe6 Qxd4 18.exf7+ Rxf7 19.Qxd4 Bxd4 20.axb3 Rd8 21.Nd1
Bxb2 22.Nxb2 a6 23.Kg2 Kg7 24.Nd3 Rc8 25.Nf4 Re7 26.Rd1 Rc3 27.Rd6 Rxb3 
28.Ne6+ Kf6 29.Nc5+ Ke5 30.Rd8 Rb5 31.Nxb7 Nc4 32.Rc8 Na5 33.Nc5 Ra7 34.h4
Nb3 35.Nd3+ Kf6 36.Rc6+ Kg7 37.Rd6 a5 38.Nf4 Rb8 39.Bd5 Nd4 40.e4 Nb5 41.
Ne6+ Kh8 42.Rc6 a4 43.g4 a3 44.Rc2 Nd6 45.e5 Nf7 46.Re2 Rb2 47.Re1 a2 48.
Rc1 Rb8 49.Ra1 Nxe5 50.Rxa2 Rxa2 51.Bxa2 Rb2 52.Bd5 Nxg4 53.h5 0-1

[Event "POL-chT3"]
[Site "Jastrzebia Gora POL"]
[Date "2016.09.05"]
[Round "3.76"]
[White "Aleksandrowicz, Marek"]
[Black "Kupryjaniuk, Tomasz"]
[Result "0-1"]
[WhiteElo "1947"]
[BlackElo "1819"]
[EventDate "2016.09.02"]

1.e4 Nc6 2.Nf3 f5 3.exf5 d5 4.g4 h5 5.Nh4 hxg4 6.Qxg4 Ne5 7.Qg3 Rxh4 8.Be2
Re4 9.Nc3 Rxe2+ 10.Nxe2 Qd6 11.d3 Nf7 12.Nd4 Bd7 13.Bf4 Qb4+ 14.c3 Qxb2 
15.O-O Nf6 16.Bxc7 Rc8 17.Ne6 Qe2 18.Ba5 Bxe6 19.Rae1 Qg4 20.Rxe6 Ng5 21.
Re3 Qxf5 22.f4 Nf7 23.Rfe1 d4 0-1

[Event "POL-chT3"]
[Site "Jastrzebia Gora POL"]
[Date "2016.09.05"]
[Round "3.77"]
[White "Orlowski, Miroslaw"]
[Black "Pelowski, Zdzislaw"]
[Result "0-1"]
[WhiteElo "1437"]
[BlackElo "1761"]
[EventDate "2016.09.02"]

1.e4 c6 2.Nf3 d5 3.exd5 cxd5 4.d4 Nc6 5.Nc3 Bg4 6.Be2 e6 7.a3 Nf6 8.Be3 
Qb6 9.b4 Rc8 10.Na4 Qc7 11.Rc1 Bd6 12.h3 Bh5 13.O-O O-O 14.c4 dxc4 15.Bxc4
Qe7 16.Nc5 b6 17.Nd3 Rfd8 18.Nde1 Bb8 19.Qb3 Qb7 20.Bd3 Nd5 21.Qb1 Bg6 22.
Bxg6 hxg6 23.Qe4 Nce7 24.Rxc8 Rxc8 25.Nd3 Qa6 26.Nde5 Qxa3 27.b5 Qd6 28.
Nd2 f6 29.Nef3 g5 30.Qg4 f5 31.Qxg5 f4 32.Ne4 Qd8 33.Bd2 Nf5 34.Re1 Qxg5 
35.Nexg5 Nc7 36.Bxf4 Nxb5 37.Bxb8 Rxb8 38.Nxe6 Re8 39.d5 Nc3 40.Re5 Nd6 
41.Nfd4 a5 42.f4 a4 43.Nc7 Rd8 44.Re3 Nde4 45.Ndb5 Nxb5 46.Nxb5 Nd6 47.Nc7
b5 48.Kf1 b4 49.Na6 b3 50.Nc5 b2 51.Re1 a3 52.Na4 Ra8 0-1

[Event "POL-chT3"]
[Site "Jastrzebia Gora POL"]
[Date "2016.09.05"]
[Round "3.78"]
[White "Buchta, Agnieszka"]
[Black "Kindler, Karolina"]
[Result "1/2-1/2"]
[WhiteElo "1611"]
[BlackElo "1717"]
[EventDate "2016.09.02"]

1.d4 g6 2.c4 Bg7 3.e4 d6 4.Nc3 Nf6 5.Nf3 O-O 6.Be2 e5 7.dxe5 dxe5 8.Qxd8 
Rxd8 9.Bg5 Re8 10.Nd5 Nxd5 11.cxd5 c6 12.Bc4 cxd5 13.Bxd5 Nd7 14.Nd2 h6 
15.Be3 Nf6 16.Bb3 Ng4 17.Bc5 Bf8 18.Rc1 Be6 19.Ke2 Bxc5 20.Rxc5 Bxb3 21.
Nxb3 Rac8 22.Rhc1 Rxc5 23.Rxc5 Re7 24.f3 Nf6 25.Rc8+ Kg7 26.Ra8 b6 27.Rc8 
Rd7 28.Nd2 Ng8 29.Nc4 f6 30.b3 Ne7 31.Ra8 Nc6 32.Ne3 Nb4 33.a3 Nd3 34.b4 
h5 35.Nd5 Nf4+ 36.Nxf4 exf4 37.Rc8 g5 1/2-1/2